1921 1521 1310 1826 1063 1933 1862 1452 1937 1930 1862 1160 1303 1759 1966 1255 1393 1406 1556 1610 1115 1340 1415 1111 1763 1413 1553 1869 1405 1097 1251 1257 1128 1347 1897 1303 1499 1989 1435 1265 1141 1824 1252 1549 1319 1028 2000 1214 1951 1812 1518 1859 1757 1931 1947 1391 1874 1782 1907 1784 1978 1797 1098 1104 1572 1896 1030 1107 1600 1981 1233 1635 1585 1233 1747 1718 1830 1700 1525 1978 1721 1186 1626 1538 1331 1773 1890 1672 1824 1966 1923 1293 1197 1682 1798 1819 1531 1269 1299 BCNSPRNW ULIB Ver.6.0+V

เปลี่ยนเป็นภาษาไทย

Change to English
 แสดงรายละเอียดบรรณานุกรม
  กลับหน้าหลัก

Brief Record : Get Marc (ISO 2709) : E-mail record : QR code < ปิดหน้าต่าง
LEADER : 00000nam 2200000uu 4500
001    13399113579
003     ULIB
008    110627s2552||||th 000 0 tha d
020    9786167081137
090    นว.^bก217ล 2552
100 0  กระต่ายหมายจันทร์
245 00 เล่ห์รักวิวาห์ชุลมุน/^cกระต่ายหมายจันทร์
250    พิมพ์ครั้งที่ 1
260    กรุงเทพฯ :^bสมาร์ทบุ๊ค,^c2552
300    376 หน้า
710 1  สมาร์ทบุ๊ค
945    ^p240^l0^i028721
995    ทศพร
999 ^a ใช้งานได้ทุกระบบ
รายการนี้ยังไม่มีแท็ก
คุณยังไม่ได้ล็อกอิน คุณสามารถมีกิจกรรมร่วมกับเว็บไซต์ได้ แต่ต้องล็อกอินก่อน ::
  ล็อกอิน

รายการสื่อสารสนเทศ

ลำดับที่ ประเภท เลขเรียก/บาร์โค้ด สถานที่ สถานะ
1. นวนิยาย
นวนิยาย
นว. ก217ล 2552 ฉ.1 
  Barcode: 028721
ห้องสมุดวิทยาเขตสวรรค์ประชารักษ์
►นวนิยาย
บนชั้น
  ขอยืม

รายการใกล้เคียง
    ผู้แต่ง [กระต่ายหมายจันทร์]

BibComment


ยังไม่เคยถูกคอมเมนท์

คอมเมนท์ทรัพยากรรายการนี้
  คอมเมนท์: เล่ห์รักวิวาห์ชุล..


 Copyright 2026. Bcnsprnw @Library